Virginity : (Record no. 117811)
[ view plain ]
| 000 -LEADER | |
|---|---|
| fixed length control field | 01026cam a2200277 a 4500 |
| 001 - CONTROL NUMBER | |
| control field | 4452569 |
| 003 - CONTROL NUMBER IDENTIFIER | |
| control field | ARRUPE |
| 005 - DATE AND TIME OF LATEST TRANSACTION | |
| control field | 20130917131616.0 |
| 008 - FIXED-LENGTH DATA ELEMENTS--GENERAL INFORMATION | |
| fixed length control field | 950619s1995 nyu b 000 0 eng |
| 010 ## - LIBRARY OF CONGRESS CONTROL NUMBER | |
| LC control number | 95032603 |
| 020 ## - INTERNATIONAL STANDARD BOOK NUMBER | |
| International Standard Book Number | 0818907452 (pbk.) |
| 040 ## - CATALOGING SOURCE | |
| Original cataloging agency | DLC |
| Transcribing agency | DLC |
| Modifying agency | DLC |
| 041 1# - LANGUAGE CODE | |
| Language code of text/sound track or separate title | eng |
| Language code of original and/or intermediate translations of text | ita |
| 050 00 - LIBRARY OF CONGRESS CALL NUMBER | |
| Classification number | BV4647.C5 |
| Item number | C3213 1995 |
| 082 00 - DEWEY DECIMAL CLASSIFICATION NUMBER | |
| Classification number | 248.4/7 |
| Edition number | 20 |
| 300 ## - PHYSICAL DESCRIPTION | |
| Dimensions | 18 cm. |
| 100 1# - MAIN ENTRY--PERSONAL NAME | |
| Personal name | Cantalamessa, Raniero. |
| 9 (RLIN) | 262 |
| 240 10 - UNIFORM TITLE | |
| Uniform title | <a href="Verginità.">Verginità.</a> |
| Language of a work | English |
| 245 10 - TITLE STATEMENT | |
| Title | Virginity : |
| Remainder of title | a positive approach to celibacy for the sake of the Kingdom of Heaven / |
| Statement of responsibility, etc | Raniero Cantalamessa ; translated by Charles Serignat. |
| 260 ## - PUBLICATION, DISTRIBUTION, ETC. (IMPRINT) | |
| Place of publication, distribution, etc | New York : |
| Name of publisher, distributor, etc | Alba House, |
| Date of publication, distribution, etc | c1995. |
| 300 ## - PHYSICAL DESCRIPTION | |
| Extent | xii, 96 p. ; |
| 650 #0 - SUBJECT ADDED ENTRY--TOPICAL TERM | |
| Topical term or geographic name as entry element | Virginity |
| General subdivision | Religious aspects |
| -- | Christianity. |
| 9 (RLIN) | 263 |
| 650 #0 - SUBJECT ADDED ENTRY--TOPICAL TERM | |
| Topical term or geographic name as entry element | Celibacy |
| General subdivision | Christianity. |
| 9 (RLIN) | 264 |
| 906 ## - LOCAL DATA ELEMENT F, LDF (RLIN) | |
| a | 7 |
| b | cbc |
| c | orignew |
| d | 1 |
| e | ocip |
| f | 19 |
| g | y-gencatlg |
| 942 ## - ADDED ENTRY ELEMENTS (KOHA) | |
| Source of classification or shelving scheme | Library of Congress Classification |
| Koha item type | Monograph ( Printed materials) |
| Withdrawn status | Lost status | Source of classification or shelving scheme | Damaged status | Not for loan | Collection code | Home library | Current library | Shelving location | Date acquired | Total Checkouts | Full call number | Barcode | Date last seen | Price effective from | Koha item type |
|---|---|---|---|---|---|---|---|---|---|---|---|---|---|---|---|
| Library of Congress Classification | Main Collection | ARRUPE LIBRARY | ARRUPE LIBRARY | Main Collection | 17/09/2013 | BV4647.C5 C3213 1995 | 46411779 | 24/01/2017 | 17/09/2013 | Monograph ( Printed materials) |